| 000 | 00810nam a22001817a 4500 | ||
|---|---|---|---|
| 005 | 20120424122111.0 | ||
| 020 |
_c400.00 _a8180692493 |
||
| 035 | _aB-137451 | ||
| 037 |
_b _adpl |
||
| 082 | _a370.92 | ||
| 100 |
_aअत्रैय,आचार्य _945653 |
||
| 245 | 1 |
_aपूर्ण विराम से पूर्व / _cआचार्य अत्रैय |
|
| 260 |
_aनई दिल्ली _bकन्सैप्ट पब्लिशिंग हाउस _c2005 |
||
| 270 |
_a _b _e _k |
||
| 300 |
_a356पृ. _c22सेमी (सजिल्द) |
||
| 942 |
_adpl _cHN _k _2ddc _h370.92 _mअत्रैय |
||
| 999 |
_c65538 _d65538 |
||